000 00477nam a22001817a 4500
005 20251108172946.0
008 250721s2008 xx 000 0 eng d
020 _a9772775417
082 1 4 _a420.7/MOM
100 1 _aمؤمن, أكرم
_eمؤلف
245 1 0 _aدورة شاملة لاختبار TOEIC /
264 1 _aالقاهرة :
_bدار الطلائع,
_c2008.
300 _a176P.
650 1 7 _aLEARNING
650 1 7 _aENGLISH
942 _2ddc
_cBK
999 _c92773
_d92773